| 000 | 00806nam a22002297a 4500 | ||
|---|---|---|---|
| 005 | 20240530110913.0 | ||
| 008 | 220209s2009 ua a b 000 0 ara d | ||
| 017 | _bمصر. دار الكتب | ||
| 020 | _a9651902574 | ||
| 040 |
_aEG-CaGPL _cEG-CaGPL |
||
| 082 | 0 | 4 |
_221 _a492.4 / _bس ق |
| 100 | 0 | _aدافيد سجيف | |
| 245 | 1 | 0 |
_aقاموس عبرى عربى للغة العبرية المعاصرة / _cدافيد سجيف ، تقديم ساسون سوميخ |
| 250 | _aط.1 | ||
| 260 |
_aاسرائيل : _bدار شوكن للنشر ، _c1990 |
||
| 300 |
_aمتعدد ؛ _c32 سم |
||
| 650 | 0 | 7 |
_2qrmak _aاللغة العبرية |
| 650 | 0 | 7 |
_2qrmak _aاللغة العبرية المعاصرة |
| 651 | _2qrmak | ||
| 942 |
_2ddc _cBK |
||
| 999 |
_c66339 _d66339 |
||